000
00267nam a2200121 a 4500
001
4140
005
20140414131900.0
008
090218s19uu xx 00 eng d
050
_a
FIC
_b
B56 1990
100
_a
Blume, Judy
245
_a
Fudge-A-Mania.
999
_c
110615
_d
110615